Statistics for X Factor UK Quiz

Click here to take the quiz!

General Stats

  • This quiz has been taken 208 times
    (187 since last reset)
  • The average score is 10 of 15

Answer Stats

HintAnswer% Correct
Who created the X Factor?Simon Cowell
98%
In what year was the first X Factor broadcast?2004
95%
Which other male joined the creator on the judging panel for the first series?Louis Walsh
83%
Who took over hosting in 2007?Dermot O'Leary
79%
Which winner has had the most success?Leona Lewis
78%
Which Catergory has produced the most winners?Boys
75%
Who is the only judge to have had back to back winning categories?Cheryl Cole
68%
Who won Series 6 in 2009?Joe McElderry
65%
Who won the 1st Series?Steve Brookstein
61%
Which female currently presents the Xtra Factor?Caroline Flack
59%
What was the name of his winning single?The Climb
50%
Who hosted the show originally?Kate Thornton
47%
Who was the new judge on series 9 in 2012?Nicole Scherzinger
43%
What does the winner of the X factor receive?Recording contract
38%
Who provides the voice overs?Peter Dickson
15%

Score Distribution

Percentile by Number Answered

Percent of People with Each Score

Your Score History

You have not taken this quiz since the last reset